WWE Tag Team Champions - Statistics

General Stats
  • This quiz has been taken 71 times
    29 since last reset
  • The average score is 273 of 435
Answer Stats
# Year Champion % Correct
1 2011 John Cena
100%
1 2010 John Cena
100%
1 2008 John Cena
100%
1 2007 John Cena
100%
1 2009 Triple H
100%
1 2009 Triple H
100%
6 2020 Big E
94%
2 2015 Big E
94%
2 2008 Cody Rhodes
94%
1 1973 Dean Ho
94%
1 2021 Dominik Mysterio
94%
1 2012 Kane
94%
1 2011 Kane
94%
1 2005 Kane
94%
1 2003 Kane
94%
1 2002 Kane
94%
2 2001 Kane
94%
2 1999 Kane
94%
2 1998 Kane
94%
1 2021 Rey Mysterio
94%
1 2005 Rey Mysterio
94%
1 2005 Rey Mysterio
94%
1 2004 Rey Mysterio
94%
1 2002 Rey Mysterio
94%
1 2007 Shawn Michaels
94%
1 1997 Shawn Michaels
94%
1 2016 Bray Wyatt
89%
1 2018 Bray Wyatt
89%
2 1990 Bret Hart
89%
1 2004 Bubba Ray Dudley
89%
8 2003 Bubba Ray Dudley
89%
1 2009 Chris Jericho
89%
1 2009 Chris Jericho
89%
1 2009 Chris Jericho
89%
1 2009 Chris Jericho
89%
1 2002 Chris Jericho
89%
1 2001 Chris Jericho
89%
1 2001 Chris Jericho
89%
1 2002 Christian
89%
1 2002 Christian
89%
7 2001 Christian
89%
1 2023 Cody Rhodes
89%
1 2023 Cody Rhodes
89%
1 2010 Cody Rhodes
89%
1 2007 Cody Rhodes
89%
2 2018 Dean Ambrose
89%
1 2004 D-Von Dudley
89%
8 2003 D-Von Dudley
89%
1 2009 Edge
89%
1 2002 Edge
89%
1 2009 Edge
89%
1 2006 Edge
89%
2 2004 Edge
89%
1 2002 Edge
89%
7 2001 Edge
89%
2 2014 Goldust
89%
1 2002 Goldust
89%
1 2024 Jacob Fatu/Tonga Loa
89%
1 2019 Jeff Hardy
89%
1 2017 Jeff Hardy
89%
6 2007 Jeff Hardy
89%
1 2023 Jey Uso
89%
5 2021 Jey Uso
89%
4 2025 Jey Uso
89%
1 2023 Jey Uso
89%
5 2021 Jimmy Uso
89%
4 2025 Jimmy Uso
89%
7 2020 Kofi Kingston
89%
5 2025 Kofi Kingston
89%
1 2019 Matt Hardy
89%
1 2018 Matt Hardy
89%
1 2017 Matt Hardy
89%
1 2007 Matt Hardy
89%
6 2007 Matt Hardy
89%
1 1994 Mo
89%
1 2013 Roman Reigns
89%
1 2020 Seth Rollins
89%
1 2019 Seth Rollins
89%
2 2018 Seth Rollins
89%
1 2017 Seth Rollins
89%
1 2013 Seth Rollins
89%
2 2014 Stardust
89%
1 2001 Stone Cold Steve Austin
89%
1 1998 Stone Cold Steve Austin
89%
1 1997 Stone Cold Steve Austin
89%
1 1997 Stone Cold Steve Austin
89%
2 2001 The Undertaker
89%
1 2000 The Undertaker
89%
2 1999 The Undertaker
89%
1 1998 The Undertaker
89%
1 2001 Triple H
89%
7 2020 Xavier Woods
89%
5 2025 Xavier Woods
89%
1 2026 Austin Theory
83%
1 2024 Austin Theory
83%
1 2005 Batista
83%
1 2008 Batista
83%
2 2004 Batista
83%
1 2011 Big Show
83%
1 2010 Big Show
83%
1 2009 Big Show
83%
1 2010 Big Show
83%
1 2009 Big Show
83%
1 2005 Big Show
83%
2 1999 Big Show
83%
3 2001 Bradshaw
83%
1 1998 Cactus Jack
83%
1 2008 CM Punk
83%
1 2019 Daniel Bryan
83%
1 2012 Daniel Bryan
83%
1 1997 Dude Love
83%
1 2005 Eddie Guerrero
83%
1 2003 Eddie Guerrero
83%
1 2026 Logan Paul
83%
1 1999 Mankind
83%
3 1999 Mankind
83%
2 1998 Mankind
83%
1 1999 Owen Hart
83%
1 1996 Owen Hart
83%
2 1995 Owen Hart
83%
1 2016 Randy Orton
83%
2 2022 Randy Orton
83%
1 2006 Randy Orton
83%
1 2024 R-Truth
83%
1 2012 R-Truth
83%
1 2009 Shawn Michaels
83%
1 2009 Shawn Michaels
83%
2 1995 Shawn Michaels
83%
1 2002 Spike Dudley
83%
1 2025 Tama Tonga
83%
1 2024 Tama Tonga
83%
1 2020 The Miz
83%
1 2019 The Miz
83%
1 2024 The Miz
83%
1 2014 The Miz
83%
1 2011 The Miz
83%
1 2010 The Miz
83%
1 2007 The Miz
83%
1 2010 The Miz
83%
1 2008 The Miz
83%
2 2025 Angelo Dawkins
78%
1 2020 Angelo Dawkins
78%
1 2019 Braun Strowman
78%
1 2018 Braun Strowman
78%
1 2008 Carlito
78%
1 2009 Carlito
78%
1 2018 Cesaro
78%
4 2018 Cesaro
78%
2 2003 Chavo Guerrero
78%
1 2002 Chris Benoit
78%
2 2004 Chris Benoit
78%
1 2001 Chris Benoit
78%
2 1995 Diesel
78%
1 2021 Dolph Ziggler
78%
1 2019 Dolph Ziggler
78%
1 2018 Dolph Ziggler
78%
1 2018 Drew McIntyre
78%
1 2010 Drew McIntyre
78%
2 2003 Eddie Guerrero
78%
1 1994 Fatu
78%
2 2023 Finn Bálor
78%
2 2025 Finn Bálor
78%
2 2023 Finn Bálor
78%
1 2012 Kofi Kingston
78%
1 2011 Kofi Kingston
78%
1 2008 Kofi Kingston
78%
1 2002 Kurt Angle
78%
2 2025 Montez Ford
78%
1 2020 Montez Ford
78%
1 2006 Nicky
78%
1 2004 Rikishi
78%
1 2002 Rikishi
78%
1 2019 Rowan
78%
1 2018 Rowan
78%
1 2018 Sheamus
78%
4 2018 Sheamus
78%
1 2025 Solo Sikoa
78%
1 1995 The 1–2–3 Kid
78%
1 1994 The 1–2–3 Kid
78%
1 2001 The Rock
78%
1 2000 The Rock
78%
3 1999 The Rock
78%
2 1999 X-Pac
78%
1 2025 AJ Styles
72%
1 2021 AJ Styles
72%
1 2024 Alex Shelley
72%
1 2020 Cesaro
72%
1 2015 Cesaro
72%
1 2024 Chris Sabin
72%
2 2023 Damian Priest
72%
2 2023 Damian Priest
72%
3 2001 Faarooq
72%
1 2018 Harper
72%
1 2002 Hollywood Hulk Hogan
72%
1 2020 John Morrison
72%
1 2007 John Morrison
72%
1 2008 John Morrison
72%
1 2023 Kevin Owens
72%
1 2023 Kevin Owens
72%
1 2016 Luke Harper
72%
2 2022 Riddle
72%
1 2014 Road Dogg
72%
5 1999 Road Dogg
72%
1 2006 Roddy Piper
72%
1 2023 Sami Zayn
72%
1 2023 Sami Zayn
72%
3 1993 Ted DiBiase
72%
2 2008 Ted DiBiase Jr.
72%
1 2005 Animal
67%
2 1997 Animal
67%
3 1990 Ax
67%
1 2014 Billy Gunn
67%
5 1999 Billy Gunn
67%
1 1995 Bob Holly
67%
1 1999 Crash Holly
67%
1 2025 Dexter Lumis
67%
1 2007 Hardcore Holly
67%
1 1999 Hardcore Holly
67%
2 1997 Hawk
67%
3 2011 Heath Slater
67%
2 1990 Jim Neidhart
67%
1 2025 Joe Gacy
67%
2 2024 Johnny Gargano
67%
3 2005 Johnny Nitro
67%
2 2019 Luke Gallows
67%
1 1994 Marty Jannetty
67%
1 2021 Omos
67%
1 2012 Primo
67%
1 2008 Primo
67%
1 2009 Primo
67%
1 2006 Ric Flair
67%
2 2004 Ric Flair
67%
1 2004 Rob Van Dam
67%
1 2004 Rob Van Dam
67%
1 2003 Rob Van Dam
67%
1 2019 Shane McMahon
67%
3 1990 Smash
67%
1 2001 Test
67%
1 1989 André the Giant
61%
1 1989 Arn Anderson
61%
2 2002 Billy Gunn
61%
3 1996 Billy Gunn
61%
1 2018 Bo Dallas
61%
1 2004 Booker T
61%
1 2002 Booker T
61%
1 2001 Booker T
61%
1 2003 Chief Morley
61%
1 2018 Curtis Axel
61%
1 2011 David Otunga
61%
1 2010 David Otunga
61%
1 1986 Dynamite Kid
61%
1 2016 Heath Slater
61%
2 2025 JD McDonagh
61%
1 2006 Johnny
61%
1 2006 Kenny
61%
1 1981 King/Spot
61%
1 1994 Mabel
61%
1 2011 Michael McGillicutty
61%
1 2006 Mikey
61%
1 2006 Mitch
61%
1 2004 Scotty 2 Hotty
61%
1 2000 Scotty 2 Hotty
61%
3 1983 Sika
61%
1 1972 Sonny King
61%
2 2024 Tommaso Ciampa
61%
1 2015 Tyson Kidd
61%
1 2010 Tyson Kidd
61%
1 2010 Tyson Kidd
61%
1 1975 Victor Rivera/Pat Barrett
61%
3 1983 Afa
56%
1 1990 Crush
56%
1 1986 Davey Boy Smith
56%
1 2025 Dragon Lee
56%
2 2024 Erik
56%
1 2024 Grayson Waller
56%
2 2024 Ivar
56%
3 2005 Joey Mercury
56%
3 2011 Justin Gabriel
56%
2 2019 Karl Anderson
56%
1 1998 Ken Shamrock
56%
1 2016 Rhyno
56%
1 1983 Rocky Johnson
56%
2 2003 Shelton Benjamin
56%
1 2020 Shinsuke Nakamura
56%
1 2002 Tazz
56%
1 1996 The British Bulldog
56%
1 2000 The Goodfather
56%
2 1995 Yokozuna
56%
3 1996 Bart Gunn
50%
1 2018 Bobby Roode
50%
1 2016 Chad Gable
50%
1 2022 Chad Gable
50%
1 2018 Chad Gable
50%
2 2003 Charlie Haas
50%
1 2019 Dash Wilder
50%
2 2019 Dash Wilder
50%
1 2010 David Hart Smith
50%
1 2010 David Hart Smith
50%
1 2012 Epico
50%
1 2011 Evan Bourne
50%
1 1989 Haku
50%
3 1993 Irwin R. Schyster
50%
1 2016 Jason Jordan
50%
1 2017 Jason Jordan
50%
2 1985 Mike Rotundo
50%
1 2007 Montel Vontavious Porter
50%
1 2006 Paul London
50%
1 2004 Paul London
50%
1 2007 Paul London
50%
1 2021 Robert Roode
50%
1 2019 Robert Roode
50%
1 2010 Santino Marella
50%
1 2019 Scott Dawson
50%
2 2019 Scott Dawson
50%
1 2020 Shelton Benjamin
50%
1 1998 The Big Boss Man
50%
1 1985 The Iron Sheik
50%
1 1987 Tito Santana
50%
1 1979 Tito Santana
50%
1 2015 Titus O'Neil
50%
1 2005 William Regal
50%
1 2004 William Regal
50%
2 2003 William Regal
50%
2 2019 Zack Ryder
50%
1 1980 Bob Backlund
44%
1 1998 Chainsaw Charlie
44%
1 2004 Charlie Haas
44%
1 2014 Damien Mizdow
44%
1 2015 Darren Young
44%
1 2001 Diamond Dallas Page
44%
1 1976 Executioner #2
44%
1 1997 Mosh
44%
1 2018 Nicholas
44%
1 2022 Otis
44%
1 1980 Pedro Morales
44%
1 1987 Rick Martel
44%
2 1981 Rick Martel
44%
1 2004 Rico
44%
1 2002 Rico
44%
1 1994 Samu
44%
1 2005 The Hurricane
44%
1 2002 The Hurricane
44%
1 2010 Vladimir Kozlov
44%
1 1999 Al Snow
39%
2 1985 Barry Windham
39%
1 2006 Brian Kendrick
39%
1 2007 Brian Kendrick
39%
1 2020 Buddy Murphy
39%
1 2020 Cedric Alexander
39%
1 1992 Earthquake
39%
1 2000 Grand Master Sexay
39%
1 1999 Jeff Jarrett
39%
1 2004 René Duprée
39%
1 2003 René Duprée
39%
2 1993 Rick Steiner
39%
2 1993 Scott Steiner
39%
1 2003 Tajiri
39%
1 2005 Tajiri
39%
1 1997 Thrasher
39%
1 1983 Tony Atlas
39%
1 1992 Typhoon
39%
1 1985 Brutus Beefcake
33%
2 2002 Chuck Palumbo
33%
2 2019 Curt Hawkins
33%
1 2004 Eugene
33%
1 1976 Executioner #1
33%
1 1985 Greg Valentine
33%
1 2005 Heidenreich
33%
2 1997 Henry O. Godwinn
33%
3 1994 Jacques
33%
1 2003 Lance Storm
33%
2 2003 Lance Storm
33%
1 2002 Lance Storm
33%
1 1985 Nikolai Volkoff
33%
2 1997 Phineas I. Godwinn
33%
1 2005 Rosey
33%
1 2018 Akam
28%
1 1975 Blackjack Lanza
28%
1 1975 Blackjack Mulligan
28%
1 1991 Brian Knobbs
28%
1 1991 Jerry Sags
28%
1 2001 Kanyon
28%
1 2018 Rezar
28%
3 2005 Robért Conway
28%
3 2005 Sylvain Grenier
28%
1 2003 Sylvain Grenier
28%
1 1989 Tully Blanchard
28%
1 2004 Billy Kidman
22%
1 2000 Bull Buchanan
22%
3 2007 Lance Cade
22%
1 1978 Yukon Eric
22%
1 1984 Adrian Adonis
17%
1 1976 Billy White Wolf
17%
2 1982 Chief Jay Strongbow
17%
1 1976 Chief Jay Strongbow
17%
1 1972 Chief Jay Strongbow
17%
2 2005 Danny Basham
17%
1 2007 Deuce
17%
1 1984 Dick Murdoch
17%
1 1978 Dino Bravo
17%
1 2007 Domino
17%
2 2005 Doug Basham
17%
1 1973 Haystacks Calhoun
17%
2 1982 Jules
17%
1 1971 Karl Gotch
17%
1 1971 Luke Graham
17%
2 1982 Mr. Fuji
17%
3 1977 Mr. Fuji
17%
3 1994 Pierre
17%
1 1981 Rex
17%
1 1996 Skip
17%
1 1975 Tony Parisi
17%
3 2007 Trevor Murdoch
17%
1 1978 Yukon Pierre
17%
1 1996 Zip
17%
1 1978 Dominic DeNucci
11%
1 1975 Dominic DeNucci
11%
1 1979 Ivan Putski
11%
1 1979 Jerry Valiant
11%
1 1974 Jimmy Valiant
11%
1 1979 Johnny Valiant
11%
1 1974 Johnny Valiant
11%
1 2004 Kenzo Suzuki
11%
1 1972 King Curtis Iaukea
11%
1 1978 Larry Zbyszko
11%
1 1975 Louis Cerdan
11%
1 1972 Mikel Scicluna
11%
2 1982 Mr. Saito
11%
3 1977 Professor Tanaka
11%
1 1971 Rene Goulet
11%
2 1981 Tony Garea
11%
1 1978 Tony Garea
11%
1 1973 Tony Garea
11%
1 1973 Tony Garea
11%
1 1971 Tarzan Tyler
6%
No matching quizzes found
Score Distribution
Percent of People with Each Score
Percentile by Number Answered
Your Score History
You have not taken this quiz since the last reset